<?xml version="1.0" encoding="UTF-8"?>
<record
    xmlns:xsi="http://www.w3.org/2001/XMLSchema-instance"
    xsi:schemaLocation="http://www.loc.gov/MARC21/slim http://www.loc.gov/standards/marcxml/schema/MARC21slim.xsd"
    xmlns="http://www.loc.gov/MARC21/slim">

  <leader>01340nam2a2200313   4500</leader>
  <controlfield tag="001">RU\NLR\bibl\60107</controlfield>
  <controlfield tag="005">20250616091210.0</controlfield>
  <datafield tag="010" ind1=" " ind2=" ">
    <subfield code="a">5-87113-072-2</subfield>
    <subfield code="9">3000</subfield>
  </datafield>
  <datafield tag="021" ind1=" " ind2=" ">
    <subfield code="a">RU</subfield>
    <subfield code="b">99-30180</subfield>
    <subfield code="9">1474</subfield>
  </datafield>
  <datafield tag="035" ind1=" " ind2=" ">
    <subfield code="a">(NLR Aleph) 000058627</subfield>
  </datafield>
  <datafield tag="090" ind1=" " ind2=" ">
    <subfield code="a">318177</subfield>
    <subfield code="c">318177</subfield>
  </datafield>
  <datafield tag="100" ind1=" " ind2=" ">
    <subfield code="a">19991123d1999    |||y0rusy50      ca</subfield>
  </datafield>
  <datafield tag="101" ind1="0" ind2=" ">
    <subfield code="a">rus</subfield>
  </datafield>
  <datafield tag="102" ind1=" " ind2=" ">
    <subfield code="a">RU</subfield>
  </datafield>
  <datafield tag="105" ind1=" " ind2=" ">
    <subfield code="a">a   |||||||||</subfield>
  </datafield>
  <datafield tag="200" ind1="1" ind2=" ">
    <subfield code="a">&#x418;&#x433;&#x440;&#x430; &#x442;&#x435;&#x43D;&#x435;&#x439;, &#x438;&#x43B;&#x438; &#x41F;&#x440;&#x43E;&#x433;&#x443;&#x43B;&#x43A;&#x438; &#x43F;&#x43E; &#x420;&#x438;&#x43C;&#x443;</subfield>
    <subfield code="e">[&#x41F;&#x44C;&#x435;&#x441;&#x44B;]</subfield>
  </datafield>
  <datafield tag="210" ind1=" " ind2=" ">
    <subfield code="d">1999</subfield>
    <subfield code="a">&#x411;. &#x43C;.</subfield>
  </datafield>
  <datafield tag="215" ind1=" " ind2=" ">
    <subfield code="a">333,[2] &#x441;., [1] &#x43B;. &#x43F;&#x43E;&#x440;&#x442;&#x440;.</subfield>
    <subfield code="c">&#x438;&#x43B;.</subfield>
  </datafield>
  <datafield tag="327" ind1="1" ind2=" ">
    <subfield code="a">&#x421;&#x43E;&#x434;&#x435;&#x440;&#x436;.: &#x418;&#x433;&#x440;&#x430; &#x442;&#x435;&#x43D;&#x435;&#x439;; &#x421;&#x43E;&#x447;&#x435;&#x43B;&#x44C;&#x43D;&#x438;&#x43A;; &#x41C;&#x435;&#x441;&#x441;&#x430; &#x43F;&#x43E; &#x434;&#x435;&#x432;&#x435;; &#x416;&#x430;&#x436;&#x434;&#x430; &#x43D;&#x430;&#x434; &#x440;&#x443;&#x447;&#x44C;&#x435;&#x43C;; &#x41A;&#x438;&#x43D;&#x43E;&#x440;&#x43E;&#x43C;&#x430;&#x43D;: &#x41F;&#x440;&#x43E;&#x433;&#x443;&#x43B;&#x43A;&#x438; &#x43F;&#x43E; &#x420;&#x438;&#x43C;&#x443;</subfield>
  </datafield>
  <datafield tag="461" ind1=" " ind2="0">
    <subfield code="1">001RU\NLR\bibl\13821</subfield>
    <subfield code="1">2001#$a&#x421;&#x43E;&#x431;&#x440;&#x430;&#x43D;&#x438;&#x435; &#x441;&#x43E;&#x447;&#x438;&#x43D;&#x435;&#x43D;&#x438;&#x439;$v&#x422;. 4</subfield>
    <subfield code="9">52455</subfield>
    <subfield code="a">&#x42D;&#x434;&#x43B;&#x438;&#x441;, &#x42E;.</subfield>
    <subfield code="c">&#x41C;.</subfield>
    <subfield code="d">1998</subfield>
    <subfield code="f">&#x42E;&#x43B;&#x438;&#x443; &#x42D;&#x434;&#x43B;&#x438;&#x441;</subfield>
    <subfield code="n">&#x418;&#x437;&#x43E;&#x433;&#x440;&#x430;&#x444;</subfield>
    <subfield code="o">&#x412; 5 &#x442;.</subfield>
    <subfield code="t">&#x421;&#x43E;&#x431;&#x440;&#x430;&#x43D;&#x438;&#x435; &#x441;&#x43E;&#x447;&#x438;&#x43D;&#x435;&#x43D;&#x438;&#x439;</subfield>
    <subfield code="v">&#x422;. 4</subfield>
  </datafield>
  <datafield tag="512" ind1="1" ind2=" ">
    <subfield code="6">z45790</subfield>
    <subfield code="a">&#x418;&#x433;&#x440;&#x430; &#x442;&#x435;&#x43D;&#x435;&#x439;, &#x438;&#x43B;&#x438; &#x41F;&#x440;&#x43E;&#x433;&#x443;&#x43B;&#x43A;&#x438; &#x43F;&#x43E; &#x420;&#x438;&#x43C;&#x443;</subfield>
  </datafield>
  <datafield tag="517" ind1="0" ind2=" ">
    <subfield code="a">&#x41F;&#x440;&#x43E;&#x433;&#x443;&#x43B;&#x43A;&#x438; &#x43F;&#x43E; &#x420;&#x438;&#x43C;&#x443;</subfield>
  </datafield>
  <datafield tag="790" ind1=" " ind2="1">
    <subfield code="6">z45512</subfield>
    <subfield code="a">&#x42D;&#x434;&#x43B;&#x438;&#x441;</subfield>
    <subfield code="b">&#x42E;.</subfield>
    <subfield code="g">&#x42E;&#x43B;&#x438;&#x443;</subfield>
    <subfield code="4">070</subfield>
  </datafield>
  <datafield tag="801" ind1=" " ind2="0">
    <subfield code="a">RU</subfield>
    <subfield code="b">NLR</subfield>
    <subfield code="c">19991123</subfield>
    <subfield code="g">PSBO</subfield>
  </datafield>
  <datafield tag="801" ind1=" " ind2="1">
    <subfield code="a">RU</subfield>
    <subfield code="b">NLR</subfield>
    <subfield code="c">19991123</subfield>
  </datafield>
  <datafield tag="852" ind1=" " ind2=" ">
    <subfield code="a">NLR</subfield>
    <subfield code="j">98-3/9642</subfield>
  </datafield>
  <datafield tag="942" ind1=" " ind2=" ">
    <subfield code="c">BOOK</subfield>
  </datafield>
  <datafield tag="980" ind1=" " ind2=" ">
    <subfield code="a">NB</subfield>
  </datafield>
  <datafield tag="995" ind1=" " ind2=" ">
    <subfield code="5">2013-10-26</subfield>
    <subfield code="b">NLR01</subfield>
    <subfield code="c">NLR01</subfield>
    <subfield code="e">RF8</subfield>
    <subfield code="f">58627-10</subfield>
    <subfield code="k">98-3/9642</subfield>
    <subfield code="o">0</subfield>
    <subfield code="r">BOOK</subfield>
    <subfield code="s">9839642_</subfield>
  </datafield>
</record>
